| 000 | 00905nam a2200277 a 4500 | ||
|---|---|---|---|
| 001 | 000108437 | ||
| 003 | CHAP | ||
| 005 | 20220329144012.0 | ||
| 008 | 140212s2013 mx a |r| |||0|||spa d | ||
| 010 | _a104899 | ||
| 011 | _a105871 | ||
| 020 | _a9786071202895 | ||
| 040 | _cCHAP | ||
| 082 | 0 | 4 |
_a303.4097275 _bL79 |
| 100 | 0 | 0 |
_aLlanos Hernández, Luis. _967265 |
| 245 | 1 | 0 |
_aTerritorio y apropiación del espacio social en las tierras indias de Chiapas : _bRuptura y continuidades en los procesos de cambiosocial / _cpor Luis Llanos Hernandez. |
| 260 |
_aChapingo, México. : _bUniversidad Autónoma Chapingo, _c2013. |
||
| 300 |
_a226 p. : _bil. |
||
| 590 |
_aE5652GLJ _b05 _c20140212 _lUCH01 _h1320 |
||
| 650 | 1 | 4 |
_aCambio social. _917787 |
| 650 | 1 | 4 |
_aConflictos sociales _zChiapas. _9125415 |
| 650 | 1 | 4 |
_aTerritorios _xAspectos sociales. _9124651 |
| 901 | _aBK | ||
| 942 | _cLIBRO | ||
| 942 | _n0 | ||
| 999 |
_c104899 _d104899 |
||